| 000 -LEADER |
| fixed length control field |
00543pam a2200205 a 4500 |
| 001 - CONTROL NUMBER |
| control field |
2387961 |
| 005 - DATE AND TIME OF LATEST TRANSACTION |
| control field |
20180208092447.0 |
| 008 - FIXED-LENGTH DATA ELEMENTS--GENERAL INFORMATION |
| fixed length control field |
851104s1986 nyu 001 0 eng |
| 010 ## - LIBRARY OF CONGRESS CONTROL NUMBER |
| LC control number |
85028061 |
| 020 ## - INTERNATIONAL STANDARD BOOK NUMBER |
| International Standard Book Number |
002907990X |
| 040 ## - CATALOGING SOURCE |
| Original cataloging agency |
DLC |
| Transcribing agency |
DLC |
| Modifying agency |
DLC |
| 041 ## - LANGUAGE CODE |
| Language code of text/sound track or separate title |
eng |
| 080 ## - UNIVERSAL DECIMAL CLASSIFICATION NUMBER |
| Universal Decimal Classification number |
621.38170688 WIL |
| 082 00 - DEWEY DECIMAL CLASSIFICATION NUMBER |
| Classification number |
621.38170688 WIL |
| Edition number |
19 |
| 100 1# - Rafti |
| Rafti |
60 |
| 101 ## - Shkurtesa |
| Shkurtesa |
MAR |
| 245 10 - TITLE STATEMENT |
| Title |
Marketing high technology : |
| Statement of responsibility, etc |
William H. Davidow. |
| 906 ## - LOCAL DATA ELEMENT F, LDF (RLIN) |
| a |
7 |
| b |
cbc |
| c |
orignew |
| d |
1 |
| e |
ocip |
| f |
19 |
| g |
y-gencatlg |
| 942 ## - ADDED ENTRY ELEMENTS (KOHA) |
| Source of classification or shelving scheme |
|
| Item type |
Books |